000 00418pab a2200169 454500
008 180718b2009 xxu||||| |||| 00| 0 eng d
100 _aSaxena, Shipra
245 _aWater supply for urban poor in India - a new policy paradigm
260 _c2009
300 _ap.1-17.
362 _aJan-Jun
650 _aWater supply - India
650 _aWater supply
773 _aUrban India
908 _aN
909 _a85444
999 _c85444
_d85444